| 000 | 00661nam a2200157 a 4500 | ||
|---|---|---|---|
| 001 | 000030566 | ||
| 005 | 20200930062401.0 | ||
| 008 | 110524s1933 dr 000 | spa d | ||
| 040 |
_aDO-SdBNP _bspa _cBNPHU |
||
| 082 |
_axxx _bR426m |
||
| 110 | 1 |
_aRepública Dominicana. _bPresidente (1930-1938 : Trujillo Molina) _957161 |
|
| 245 | 1 | 0 | _aMensaje presentado a la Asamblea Nacional por el Honorable Presidente de la República Gral. Rafael L. Trujillo Molina, el 27 de febrero de 1933, en que da cuenta de su gestión oficial durante el año 1932. |
| 260 |
_aSanto Domingo : _bImprenta de J. R. Viuda García, _c1933. |
||
| 300 |
_a40 p. ; _c23 cm. |
||
| 049 | _aBNPD | ||
| 999 |
_c30058 _d30058 |
||